Ελληνικά δημοτικά τραγούδια : (μουσική εκλογή)
Αποθηκεύτηκε σε:
| Κύριος συγγραφέας: | |
|---|---|
| Άλλοι συγγραφείς: | |
| Μορφή: | Βιβλίο |
| Γλώσσα: | Greek |
| Δημοσίευση: |
Εν Αθήναις :
Ακαδημία Αθηνών,
1968.
|
| Σειρά: | Δημοσιεύματα του Κέντρου Ερεύνης της Ελληνικής Λαογραφίας ;
10 |
| Θέματα: | |
| Ετικέτες: |
Προσθήκη ετικέτας
Δεν υπάρχουν, Καταχωρήστε ετικέτα πρώτοι!
|
MARC
| LEADER | 00000cam a2200000 i 4500 | ||
|---|---|---|---|
| 001 | 1/78447 | ||
| 008 | 960529s1968 gr ||| | gre|| | ||
| 035 | |a 1988 |b 2 |c Αγορά |l 10032926 | ||
| 040 | |a GR-MY-UA |b gre |e aacr | ||
| 041 | 0 | |a gre | |
| 082 | 0 | |a 398.8709495 | |
| 100 | 1 | |a Σπυριδάκης, Γεώργιος Κ., |d 1906-1975. | |
| 245 | 1 | 0 | |a Ελληνικά δημοτικά τραγούδια : |b (μουσική εκλογή) / |c Γεώργ.Κ.Σπυριδάκη και Σπύρ.Δ.Περιστέρη. |
| 260 | |a Εν Αθήναις : |b Ακαδημία Αθηνών, |c 1968. | ||
| 300 | |a ... τ. |e 1 οπτική δισκέτα λέϊζερ Η/Υ (4 3/4 ίν.). | ||
| 490 | 1 | |a (Δημοσιεύματα του Κέντρου Ερεύνης της Ελληνικής Λαογραφίας ; |v 10) | |
| 650 | 0 | 0 | |a Folk songs, Greek. |
| 700 | 1 | |a Περιστέρης, Σπυρίδων Δ., |d 1913-1998. | |
| 830 | 0 | |a Δημοσιεύματα του Κέντρου Ερεύνης της Ελληνικής Λαογραφίας ; |v 10 | |
| 852 | |a INST |b RHODES |e 19960529 |h 398.8709495 ΣΠΥ |p 005400004172 |q 005400004172 |t BK |y 0 |z τ.3 | ||
| 852 | |a INST |b RHODES |e 19960529 |h 398.8709495 ΣΠΥ |p 005400004172 |q 005400004172 |t BK |v τ.3: |y 0 |z τ.3 | ||
| 853 | |a INST |b RHODES |h 398.8709495 ΣΠΥ | ||
| 909 | |a Ρ |b 011577 | ||